All French Premier League Players - Statistics

General Stats
  • This quiz has been taken 85 times
  • The average score is 15 of 20
Answer Stats
Club Pos Former Club Answer % Correct
Arsenal DEF Saint-Etienne William Saliba
97%
West Ham GK Real Madrid Alphonse Areola
95%
Chelsea ATT Leipzig Christopher Nkunku
94%
Liverpool DEF Leipzig Ibrahima Konate
94%
Chelsea DEF Leicester Wesley Fofana
90%
Chelsea DEF Monaco Axel Disasi
86%
Man United DEF Lille Leny Yoro
84%
Chelsea DEF Monaco Benoit Badiashile
83%
Aston Villa DEF Everton Lucas Digne
83%
Chelsea DEF Lyon Malo Gusto
81%
Crystal Palace ATT Mainz Jean-Philippe Mateta
79%
Aston Villa MID Marseille Boubacar Kamara
71%
Brighton ATT Leeds Georginio Rutter
66%
Crystal Palace DEF Wolfsburg Maxence Lacroix
60%
Spurs ATT Burnley Wilson Odobert
56%
West Ham DEF Nice Jean-Clair Todibo
55%
Fulham DEF West Ham Issa Diop
52%
Wolves MID Strasbourg Jean Bellegarde
52%
Southampton MID Chelsea Lesley Ugochukwu
47%
Leicester ATT Crystal Palace Odsonne Edouard
44%
No matching quizzes found
Score Distribution
Percent of People with Each Score
Percentile by Number Answered
Your Score History
You have not taken this quiz